| 000 | 02767cam a22003618a 4500 | ||
|---|---|---|---|
| 001 | 8375278 | ||
| 003 | OSt | ||
| 005 | 20180117085953.0 | ||
| 008 | 101028s2012 mau b 001 0 eng | ||
| 010 | _a 2010045481 | ||
| 020 | _a9780205037520 | ||
| 020 | _a0205037526 | ||
| 035 | _a(OCoLC)ocn674937559 | ||
| 035 | _a(NNC)8375278 | ||
| 040 |
_aDLC _cDLC _dCVN |
||
| 050 | 0 | 0 |
_aBF713 _b.B435 2011 |
| 082 | 0 | 0 |
_a155 _222 |
| 100 | 1 | _aBoyd, Denise Roberts. | |
| 245 | 1 | 0 |
_aLifespan development / _cDenise Boyd, Helen Bee. |
| 250 | _a6th ed. | ||
| 260 |
_aBoston, Mass. : _bPerason, _cc2012. |
||
| 263 | _a1101 | ||
| 300 |
_axxvii, 620 p. : _bcol. ill. ; _c28 cm. |
||
| 504 | _aIncludes bibliographical references (p. 531-586) and indexes. | ||
| 505 | 0 | _aFoundations -- Basic concepts and methods -- Theories of development -- Prenatal development and birth -- Policy question : should pregnant women who use illicit drugs be prosecuted? -- Infancy -- Physical, sensory, and perceptual development in infancy -- Cognitive development in infancy -- Social and personality development in infancy -- Policy question: are "safe haven" policies a good idea? -- Early childhood -- Physical and cognitive development in early childhood -- Social and personality development in early childhood -- Policy question: are child support policies fair to noncustodial fathers? -- Middle childhood -- Physical and cognitive development in middle childhood -- Social and personality development in middle childhood -- Policy question: has test-based reform improved schools in the United States? -- Adolescence -- Physical and cognitive development in adolescence -- Social and personality development in adolescence -- Policy question: should video games be regulated by the government? -- Early adulthood -- Physical and cognitive development in early adulthood -- Social and personality development in early adulthood -- Policy question: what reforms are needed in the student loan system? -- Middle adulthood -- Physical and cognitive development in middle adulthood -- Social and personality development in middle adulthood -- Policy question: how should stem cell research be funded and regulated? -- Late adulthood and the end of life -- Physical and cognitive development in late adulthood -- Social and personality development in late adulthood -- Death, dying, and bereavement -- Policy question: do people have a right to die? | |
| 650 | 0 | _aDevelopmental psychology. | |
| 700 | 1 |
_aBee, Helen L., _d1939- |
|
| 942 |
_2ddc _cBK |
||
| 948 | 1 |
_a20110127 _bc _crad1 _dMPS |
|
| 948 | 2 |
_a20110207 _ba _crad1 _dMPS |
|
| 999 |
_c11476 _d11476 |
||